Resolving personal and organizational conflict: stories of transformation and forgiveness (Record no. 395540)

000 -LEADER
fixed length control field 00474cam a22001457a 4500
008 - FIXED-LENGTH DATA ELEMENTS--GENERAL INFORMATION
fixed length control field 180718b2000 xxu||||| |||| 00| 0 eng d
020 ## - INTERNATIONAL STANDARD BOOK NUMBER
International Standard Book Number 0787950602
082 ## - DEWEY DECIMAL CLASSIFICATION NUMBER
Classification number I29 C622
100 ## - MAIN ENTRY--PERSONAL NAME
Personal name Cloke, Kenneth
245 ## - TITLE STATEMENT
Title Resolving personal and organizational conflict: stories of transformation and forgiveness
Statement of responsibility, etc. by Kenneth Cloke and Joan Goldsmith
260 ## - PUBLICATION, DISTRIBUTION, ETC.
Place of publication, distribution, etc. San Francisco
Name of publisher, distributor, etc. Jossey-Bass
Date of publication, distribution, etc. 2000
300 ## - PHYSICAL DESCRIPTION
Extent 217p.
650 ## - SUBJECT ADDED ENTRY--TOPICAL TERM
Topical term or geographic name entry element Conflict management
700 ## - ADDED ENTRY--PERSONAL NAME
Personal name Goldsmith, Joan
Holdings
Withdrawn status Lost status Damaged status Not for loan Permanent Location Current Location Date acquired Full call number Barcode Date last seen Price effective from Koha item type
        Indian Institute of Public Administration Indian Institute of Public Administration 2001-02-05 I29 C622 76321 2018-07-21 2018-07-21 Book

Powered by Koha